[Event "FIDE Steinitz Mem Women"]
[Site "chess24.com INT"]
[Date "2020.05.16"]
[Round "7.2"]
[White "Khademalsharieh, Sarasadat"]
[Black "Cori T., Deysi"]
[Result "0-1"]
[WhiteTitle "IM"]
[BlackTitle "WGM"]
[WhiteElo "2494"]
[BlackElo "2388"]
[WhiteFideId "12512214"]
[BlackFideId "3801934"]
[EventDate "2020.05.15"]

1. d4 Nf6 2. Nf3 e6 3. c4 Bb4+ 4. Nbd2 b6 5. g3 Bb7 6. Bg2 O-O 7. O-O d6 8. Nb1
c5 9. a3 Ba5 10. b3 Nc6 11. Bb2 Qe7 12. Nbd2 Rfd8 13. Qc2 Rac8 14. dxc5 bxc5 15.
Rfd1 h6 16. Rac1 Bb6 17. Qb1 Nd4 18. Nxd4 cxd4 19. Nf3 Be4 20. Qa1 e5 21. b4 a5
22. Nd2 Bxg2 23. Kxg2 Qb7+ 24. Kg1 Qd7 25. Kg2 Qf5 26. Qb1 Qh5 27. Qd3 axb4 28.
axb4 Re8 29. Qf3 Qg6 30. Nb3 h5 31. c5 Bc7 32. Qd3 Qg5 33. h4 Qg4 34. f3 Qe6 35.
cxd6 Bxd6 36. Nc5 Qd5 37. Ne4 Nxe4 38. fxe4 Qb7 39. Qf3 Qxb4 40. Rb1 Qc4 41.
Qxh5 Qe6 42. Qf3 Rb8 43. Ba1 Rec8 44. Rdc1 Rxc1 45. Rxc1 Be7 46. Qd3 Rb3 47. Qc2
Re3 48. Rf1 Qg4 49. Rf3 Rxe4 50. Bb2 Bf6 51. Kf2 Re3 52. Qc6 e4 53. Qe8+ Kh7 54.
Rxe3 dxe3+ 55. Kg2 Qxe2+ 56. Kh3 Qf1+ 57. Kh2 Qf2+ 58. Kh3 Bxb2 59. Qxe4+ g6 60.
h5 Qf5+ 0-1

[Event "FIDE Steinitz Mem Women"]
[Site "chess24.com INT"]
[Date "2020.05.16"]
[Round "7.3"]
[White "Lei, Tingjie"]
[Black "Abdumalik, Zhansaya"]
[Result "0-1"]
[WhiteTitle "GM"]
[BlackTitle "IM"]
[WhiteElo "2505"]
[BlackElo "2478"]
[WhiteFideId "8605114"]
[BlackFideId "13703544"]
[EventDate "2020.05.15"]

1. d4 Nf6 2. c4 g6 3. g3 d6 4. Bg2 Bg7 5. Nf3 O-O 6. O-O Nbd7 7. Nc3 e5 8. e4 c6
9. h3 Qe7 10. Re1 h6 11. Be3 Re8 12. Rc1 exd4 13. Nxd4 a5 14. Qd2 Kh7 15. Rcd1
Ne5 16. Qe2 Ned7 17. f4 Nc5 18. Bf2 a4 19. Qf3 Qc7 20. g4 Nfd7 21. Rd2 Qa5 22.
Kh2 Qb4 23. a3 Qa5 24. Nc2 Ne6 25. Bg3 Qc5 26. Red1 Qxc4 27. Rxd6 Ndc5 28. Ne3
Qb3 29. f5 Ng5 30. fxg6+ fxg6 31. Qf2 Ncxe4 32. Nxe4 Nxe4 33. Bxe4 Rxe4 34. Ng2
Be6 35. R1d2 Rf8 36. Qg1 Bd5 37. Nf4 Rexf4 38. Bxf4 Rxf4 39. Rd7 Qf3 40. Re7 Rf7
41. Rde2 Rxe7 42. Rxe7 Kg8 43. Re8+ Kf7 44. Re1 Bd4 45. Qf1 Be5+ 46. Kg1 Qxf1+
47. Rxf1+ Ke6 48. Re1 Kd6 49. Re2 b5 50. Kf2 Bd4+ 51. Kg3 c5 52. h4 b4 53. Kf4
b3 54. h5 gxh5 55. gxh5 c4 56. Kf5 c3 57. bxc3 Bxc3 58. Kg6 b2 59. Rxb2 Bxb2 0-1

[Event "FIDE Steinitz Mem Women"]
[Site "chess24.com INT"]
[Date "2020.05.16"]
[Round "7.5"]
[White "Lagno, Kateryna"]
[Black "Stefanova, Antoaneta"]
[Result "1-0"]
[WhiteTitle "GM"]
[BlackTitle "GM"]
[WhiteElo "2546"]
[BlackElo "2462"]
[WhiteFideId "14109336"]
[BlackFideId "2902257"]
[EventDate "2020.05.15"]

1. e4 e5 2. Nf3 Nc6 3. Bb5 a6 4. Ba4 g6 5. d4 b5 6. Bb3 exd4 7. Nxd4 Bb7 8. Nxc6
dxc6 9. O-O Bg7 10. Qf3 Nf6 11. e5 Nd5 12. Nc3 O-O 13. Nxd5 cxd5 14. Bf4 c5 15.
c3 c4 16. Bc2 Qe7 17. Rfe1 d4 18. Be4 Bxe4 19. Qxe4 d3 20. a4 Rac8 21. axb5 axb5
22. Bd2 Rfe8 23. f4 Qe6 24. Ra7 Bf8 25. Rb7 Rb8 26. h3 Bc5+ 27. Kh2 Qa6 28. Rxb8
Rxb8 29. Qd5 Bf2 30. Rf1 Qb6 31. f5 gxf5 32. Qf3 Bh4 33. Qh5 Be7 34. Rxf5 Qg6
35. Qf3 b4 36. Rf4 h5 37. Rxc4 bxc3 38. Bxc3 Rd8 39. Bd2 Bg5 40. Qf2 Bxd2 41.
Qxd2 Qf5 42. Rc3 Qxe5+ 43. Kh1 Qf5 44. Rc1 Kh7 45. Rd1 Rd5 46. Qe3 Re5 47. Qxd3
Re1+ 48. Kh2 Qxd3 49. Rxd3 Rb1 50. Rb3 h4 51. Rb4 Kg6 52. Rxh4 Rxb2 53. Rf4 f5
54. Kg3 Kg5 55. Rf3 Ra2 56. h4+ Kg6 57. Kh3 Rb2 58. Ra3 Rc2 59. g3 Rb2 60. Ra6+
Kh5 61. Rf6 Rf2 62. Rf8 Rf1 63. Kg2 Ra1 64. Rxf5+ Kg6 65. Rb5 Ra2+ 66. Kh3 Ra3
67. h5+ Kh6 68. Kh4 Ra1 69. Rb6+ Kh7 70. g4 Ra5 71. h6 Rc5 72. g5 Rc1 73. Rb7+
Kg6 74. Rg7+ Kf5 75. Kg3 Rg1+ 76. Kf2 Rh1 77. h7 Rh5 78. g6 Kf6 79. Rg8 1-0

[Event "FIDE Steinitz Mem Women"]
[Site "chess24.com INT"]
[Date "2020.05.16"]
[Round "8.1"]
[White "Khademalsharieh, Sarasadat"]
[Black "Sebag, Marie"]
[Result "1/2-1/2"]
[WhiteTitle "IM"]
[BlackTitle "GM"]
[WhiteElo "2494"]
[BlackElo "2438"]
[WhiteFideId "12512214"]
[BlackFideId "617822"]
[EventDate "2020.05.15"]

1. Nf3 d5 2. c4 c6 3. e3 Nf6 4. b3 e6 5. Bb2 Bd6 6. d4 O-O 7. Bd3 Nbd7 8. O-O b6
9. Nc3 Bb7 10. Qe2 Qe7 11. Rac1 Rad8 12. Rfd1 Rfe8 13. e4 dxe4 14. Nxe4 Nxe4 15.
Bxe4 Nf6 16. Bb1 c5 17. dxc5 Bxc5 18. Ne5 Rxd1+ 19. Rxd1 Rd8 20. Rxd8+ Qxd8 21.
Qd3 Qc7 22. Qe2 h6 23. Nd3 Be7 24. f3 Qd8 25. Ne5 Bc5+ 26. Kf1 Qc7 27. Qd3 h5
28. Qd2 Qd6 29. Qxd6 Bxd6 30. h3 Kf8 31. Bc3 Ke7 32. Ke2 a6 33. b4 g6 34. a3 Nd7
35. Nxd7 Kxd7 36. Bd4 Kc7 37. c5 bxc5 38. bxc5 Be7 39. Ke3 Bd5 40. Bd3 a5 41.
Bb5 g5 42. a4 f6 43. Ke2 e5 44. Be3 f5 45. Bd2 Bxc5 46. Bxa5+ Bb6 47. Bxb6+ Kxb6
48. g3 f4 49. Kf2 h4 50. gxh4 gxh4 51. Ke2 Kc5 52. Bd7 Kb4 53. Be8 Bc4+ 54. Kd2
Be6 55. Kd3 Bf5+ 56. Ke2 Bxh3 57. Kf2 Bf5 58. Kg2 Be6 59. Kh2 Bd5 60. Kg2 Bb7
61. Kf2 Bd5 62. Kg2 Ba8 63. Kf2 Bd5 64. Kg2 1/2-1/2

[Event "FIDE Steinitz Mem Women"]
[Site "chess24.com INT"]
[Date "2020.05.16"]
[Round "8.2"]
[White "Lei, Tingjie"]
[Black "Paehtz, Elisabeth"]
[Result "1/2-1/2"]
[WhiteTitle "GM"]
[BlackTitle "IM"]
[WhiteElo "2505"]
[BlackElo "2473"]
[WhiteFideId "8605114"]
[BlackFideId "4641833"]
[EventDate "2020.05.15"]

1. d4 e6 2. e4 d5 3. Nc3 Nf6 4. Bg5 dxe4 5. Nxe4 Be7 6. Bxf6 gxf6 7. Nf3 a6 8.
Qd2 f5 9. Nc3 b5 10. O-O-O b4 11. Na4 Bb7 12. Kb1 Bd5 13. Nc5 Nd7 14. Nd3 a5 15.
Nf4 Nb6 16. Ne5 Bg5 17. Bb5+ Kf8 18. h4 Bxf4 19. Qxf4 h5 20. Rh3 Bxa2+ 21. Kxa2
Qd5+ 22. Kb1 Qxb5 23. Qg5 Nd5 24. Rg3 Nc3+ 25. Kc1 Ne2+ 26. Kb1 Nxg3 27. Qf6 Rh7
28. Ng6+ Kg8 29. Ne7+ Kf8 30. Ng6+ Kg8 31. Ne7+ Kf8 32. Ng6+ 1/2-1/2

[Event "FIDE Steinitz Mem Women"]
[Site "chess24.com INT"]
[Date "2020.05.16"]
[Round "8.3"]
[White "Tan, Zhongyi"]
[Black "Cori T., Deysi"]
[Result "1-0"]
[WhiteTitle "GM"]
[BlackTitle "WGM"]
[WhiteElo "2510"]
[BlackElo "2388"]
[WhiteFideId "8603642"]
[BlackFideId "3801934"]
[EventDate "2020.05.15"]

1. d4 Nf6 2. c4 e6 3. Nc3 Bb4 4. Qc2 d5 5. cxd5 Qxd5 6. e3 c5 7. Bd2 Bxc3 8.
Bxc3 Nc6 9. Nf3 O-O 10. dxc5 Qxc5 11. Bd3 Nb4 12. Bxb4 Qxb4+ 13. Qd2 Nd5 14. Rc1
Rd8 15. Qxb4 Nxb4 16. Bb1 b6 17. Nd4 Ba6 18. a3 Nd3+ 19. Bxd3 Bxd3 20. Rc3 Ba6
21. f4 Rac8 22. Rxc8 Rxc8 23. Kd2 Bb7 24. Rg1 Bd5 25. g3 Kf8 26. Kd3 Ke7 27. e4
Bc4+ 28. Ke3 Ba6 29. Rd1 f6 30. Rd2 Rc1 31. Nb3 Rb1 32. Nd4 Re1+ 33. Kf3 Bb7 34.
Re2 Rd1 35. Ke3 Ba6 36. Rc2 Re1+ 37. Kf3 Kd7 38. Rd2 Rf1+ 39. Ke3 Re1+ 40. Kf3
Rf1+ 41. Kg2 Rb1 42. e5 Bb7+ 43. Kf2 Ke7 44. exf6+ gxf6 45. Re2 Bd5 46. Nf5+ Kf7
47. Ne3 Be4 48. Nc4 Bd3 49. Rd2 Bxc4 50. Rd7+ Kg6 51. b4 Rb2+ 52. Ke3 Rb3+ 53.
Kd4 Bd5 54. Rxa7 h5 55. Ra6 b5 56. Kc5 Bc4 57. a4 Ra3 58. Ra5 Be2 59. axb5 Rc3+
60. Kd6 Bg4 61. b6 Rd3+ 62. Kc7 Bf3 63. b7 Bxb7 64. Kxb7 Rd2 65. b5 Rxh2 66. b6
Rb2 67. Kc7 h4 68. gxh4 Rb4 69. h5+ Kh6 70. b7 Rxb7+ 71. Kxb7 e5 72. fxe5 fxe5
73. Rxe5 1-0

[Event "FIDE Steinitz Mem Women"]
[Site "chess24.com INT"]
[Date "2020.05.16"]
[Round "8.4"]
[White "Lagno, Kateryna"]
[Black "Abdumalik, Zhansaya"]
[Result "1-0"]
[WhiteTitle "GM"]
[BlackTitle "IM"]
[WhiteElo "2546"]
[BlackElo "2478"]
[WhiteFideId "14109336"]
[BlackFideId "13703544"]
[EventDate "2020.05.15"]

1. e4 e5 2. Nf3 Nc6 3. Bb5 a6 4. Ba4 Nf6 5. O-O Be7 6. d3 b5 7. Bb3 d6 8. a4 Bd7
9. Bd2 O-O 10. h3 h6 11. Re1 Re8 12. Nc3 Na5 13. Ba2 b4 14. Nd5 Nxd5 15. Bxd5
Rb8 16. Nh2 c6 17. Ba2 b3 18. Bxa5 Qxa5 19. Bxb3 Bg5 20. Qf3 Re7 21. Ng4 Bxg4
22. Qxg4 Qc5 23. h4 Bf6 24. Re2 a5 25. Rf1 d5 26. Kh1 Qd4 27. f4 exf4 28. Rxf4
Qxb2 29. Rf1 Rbe8 30. Ref2 Kh8 31. exd5 cxd5 32. Bxd5 Qe5 33. Be4 Rc7 34. h5 Rc5
35. Rf5 Qd4 36. Rxc5 Qxc5 37. Qf5 Qxf5 38. Rxf5 Rc8 39. Rxa5 g5 40. hxg6 Rxc2
41. gxf7 Kg7 42. Bd5 Be5 43. g4 Rh2+ 44. Kg1 Rd2 45. Bc4 Bd6 46. Ra8 Bf8 47. a5
Rb2 48. a6 Rb1+ 49. Kg2 Ra1 50. a7 Ra5 51. Bd5 Rxd5 52. Rxf8 1-0

[Event "FIDE Steinitz Mem Women"]
[Site "chess24.com INT"]
[Date "2020.05.16"]
[Round "9.1"]
[White "Sebag, Marie"]
[Black "Stefanova, Antoaneta"]
[Result "1-0"]
[WhiteTitle "GM"]
[BlackTitle "GM"]
[WhiteElo "2438"]
[BlackElo "2462"]
[WhiteFideId "617822"]
[BlackFideId "2902257"]
[EventDate "2020.05.15"]

1. e4 e5 2. Nf3 Nc6 3. Bb5 a6 4. Ba4 g6 5. c3 Bg7 6. d4 b5 7. Bb3 exd4 8. cxd4
Nge7 9. d5 Na5 10. Bd2 Nxb3 11. axb3 O-O 12. Bc3 f5 13. Bxg7 Kxg7 14. O-O fxe4
15. Qd4+ Kg8 16. Qxe4 Bb7 17. Nc3 Rf5 18. Rad1 Qf8 19. Rfe1 Nc8 20. Ne5 Nb6 21.
Qd4 b4 22. Na4 Nxd5 23. Nxd7 Qf7 24. Nac5 Bc6 25. Ne5 Qf6 26. Ncd7 Bxd7 27.
Qxd5+ Be6 28. Qxa8+ Kg7 29. Ng4 Qf7 30. Qd8 Rf4 31. Ne5 Qf5 32. Qxc7+ Kh6 33. f3
Bxb3 34. Ng4+ Rxg4 35. fxg4 Qxg4 36. Rd2 Qg5 37. Qd6 1-0

[Event "FIDE Steinitz Mem Women"]
[Site "chess24.com INT"]
[Date "2020.05.16"]
[Round "9.3"]
[White "Abdumalik, Zhansaya"]
[Black "Tan, Zhongyi"]
[Result "1-0"]
[WhiteTitle "IM"]
[BlackTitle "GM"]
[WhiteElo "2478"]
[BlackElo "2510"]
[WhiteFideId "13703544"]
[BlackFideId "8603642"]
[EventDate "2020.05.15"]

1. e4 e5 2. Nf3 Nc6 3. Bb5 Nf6 4. d3 Bc5 5. Nbd2 O-O 6. Nb3 Bd6 7. O-O Ne7 8. d4
Ng6 9. dxe5 Nxe5 10. Nxe5 Bxe5 11. f4 c6 12. fxe5 Qb6+ 13. Qd4 Nxe4 14. Bd3 d5
15. exd6 Nxd6 16. Qxb6 axb6 17. Bf4 Rd8 18. a3 Be6 19. Nd4 Bd5 20. Nf5 Nxf5 21.
Bxf5 g6 22. Bd3 b5 23. Rae1 Ra4 24. Rf2 b4 25. axb4 Rxb4 26. Bc7 Rc8 27. Be5 Re8
28. Kf1 Ra4 29. Bf6 Rxe1+ 30. Kxe1 Ra1+ 31. Kd2 Rg1 32. g3 Kf8 33. Kc3 Rh1 34.
Kb4 b6 35. Bd8 b5 36. Kc5 Ke8 37. Bg5 Rd1 38. Re2+ Kd7 39. Re7+ Kc8 40. Kb6 Rh1
41. Rc7+ Kb8 42. Bf4 1-0

[Event "FIDE Steinitz Mem Women"]
[Site "chess24.com INT"]
[Date "2020.05.16"]
[Round "9.4"]
[White "Cori T., Deysi"]
[Black "Lei, Tingjie"]
[Result "0-1"]
[WhiteTitle "WGM"]
[BlackTitle "GM"]
[WhiteElo "2388"]
[BlackElo "2505"]
[WhiteFideId "3801934"]
[BlackFideId "8605114"]
[EventDate "2020.05.15"]

1. d4 Nf6 2. c4 g6 3. Nc3 d5 4. cxd5 Nxd5 5. e4 Nxc3 6. bxc3 Bg7 7. Bg5 O-O 8.
Nf3 h6 9. Be3 c5 10. Rc1 Qa5 11. Qd2 cxd4 12. cxd4 Qxd2+ 13. Nxd2 Nc6 14. d5 Na5
15. Bc5 Bf6 16. f4 Rd8 17. Bb4 b6 18. Rc7 Rd7 19. Rxd7 Bxd7 20. e5 Bg7 21. Ba6
e6 22. d6 f6 23. Nf3 g5 24. fxg5 hxg5 25. Bc3 fxe5 26. Nxe5 Nc6 27. Nxd7 Bxc3+
28. Kf2 Rd8 29. Bb5 Rxd7 30. Bxc6 Rxd6 31. Ba4 Rd2+ 32. Kf3 Rxa2 33. Bb3 Rb2 34.
Bxe6+ Kg7 35. Rc1 Be5 36. h3 a5 37. Ke4 Bf4 38. Rc6 a4 39. Kf5 Rb5+ 40. Kg4 a3
41. Rc8 Ra5 42. Ba2 b5 43. Rc6 b4 44. Rb6 Bd2 45. Kh5 Rc5 46. g4 Rc3 47. Rb7+
Kf6 48. Rb6+ Ke5 49. Kg6 Rc2 50. Bb3 Rb2 51. Bc4 Kd4 52. Bf7 Be3 53. Rd6+ Kc3
54. Re6 Bf4 55. Rc6+ Kd4 56. Kf5 a2 57. Ra6 b3 58. h4 Rb1 59. Bxb3 a1=Q 60. Rxa1
Rxa1 61. hxg5 Be3 62. g6 Bh6 63. Kf6 Ra6+ 64. Be6 Ra7 65. Bf7 Ra6+ 66. Ke7 Bg7
67. Be6 Ke5 68. Bf5 Ra7+ 69. Ke8 Kf6 70. Kd8 Bf8 71. Ke8 Be7 72. g7 Kxg7 73. Bd7
Bf6 74. Bf5 Bg5 75. Bd7 Ra8+ 0-1

[Event "FIDE Steinitz Mem Women"]
[Site "chess24.com INT"]
[Date "2020.05.16"]
[Round "10.2"]
[White "Stefanova, Antoaneta"]
[Black "Abdumalik, Zhansaya"]
[Result "0-1"]
[WhiteTitle "GM"]
[BlackTitle "IM"]
[WhiteElo "2462"]
[BlackElo "2478"]
[WhiteFideId "2902257"]
[BlackFideId "13703544"]
[EventDate "2020.05.15"]

1. d4 Nf6 2. g3 g6 3. Bg2 Bg7 4. c3 d5 5. Nf3 O-O 6. O-O b6 7. Bf4 Bb7 8. a4 a6
9. a5 b5 10. Nbd2 Nbd7 11. Ne5 c5 12. Nxd7 Qxd7 13. Nb3 c4 14. Nc5 Qc6 15. Be5
Bc8 16. Re1 Ra7 17. e4 Nxe4 18. Bxg7 Kxg7 19. Nxe4 dxe4 20. Bxe4 Qf6 21. b3 cxb3
22. Qxb3 Be6 23. d5 Bh3 24. c4 bxc4 25. Qxc4 Rc8 26. Qb3 Rac7 27. Qb6 Qxa1 28.
Qxc7 Qxe1# 0-1

[Event "FIDE Steinitz Mem Women"]
[Site "chess24.com INT"]
[Date "2020.05.16"]
[Round "10.3"]
[White "Lagno, Kateryna"]
[Black "Cori T., Deysi"]
[Result "1-0"]
[WhiteTitle "GM"]
[BlackTitle "WGM"]
[WhiteElo "2546"]
[BlackElo "2388"]
[WhiteFideId "14109336"]
[BlackFideId "3801934"]
[EventDate "2020.05.15"]

1. e4 d5 2. exd5 Qxd5 3. Nc3 Qd6 4. d4 Nf6 5. Nf3 a6 6. h3 Nc6 7. Bc4 b5 8. Bd3
Bb7 9. O-O Nb4 10. Be2 e6 11. a4 bxa4 12. Nxa4 Be7 13. Nc5 Bc6 14. c3 Nbd5 15.
Ne5 O-O 16. Bf3 Rfd8 17. Nxc6 Qxc6 18. c4 Bxc5 19. cxd5 Nxd5 20. dxc5 Qxc5 21.
Qe2 a5 22. Bg5 Rd7 23. Rac1 Qb4 24. Rc4 Qb3 25. Rfc1 h6 26. Bh4 a4 27. Bg3 Rad8
28. Be5 a3 29. bxa3 Qxa3 30. Kh2 Qf8 31. Bxd5 Rxd5 32. Rxc7 Rd2 33. Qf3 R2d3 34.
Qe4 R3d5 35. h4 1-0

[Event "FIDE Steinitz Mem Women"]
[Site "chess24.com INT"]
[Date "2020.05.16"]
[Round "10.4"]
[White "Tan, Zhongyi"]
[Black "Paehtz, Elisabeth"]
[Result "1/2-1/2"]
[WhiteTitle "GM"]
[BlackTitle "IM"]
[WhiteElo "2510"]
[BlackElo "2473"]
[WhiteFideId "8603642"]
[BlackFideId "4641833"]
[EventDate "2020.05.15"]

1. d4 e6 2. g3 c5 3. Nf3 cxd4 4. Nxd4 Qa5+ 5. Qd2 Qxd2+ 6. Nxd2 d5 7. Bg2 Nf6 8.
c4 Bc5 9. Nb5 Na6 10. O-O Bd7 11. Nc3 d4 12. Bxb7 dxc3 13. Nb3 Rb8 14. Bxa6 Bb4
15. c5 Ne4 16. Bf4 cxb2 17. Rab1 Rd8 18. Rxb2 Bc6 19. Rc2 g5 20. Be3 h6 21. f3
Nf6 22. Bd4 Ke7 23. Be5 Rd5 24. Bd6+ Kd7 25. e4 Rxd6 26. cxd6 Bxd6 27. Rd1 e5
28. Bc4 Ke7 29. Kg2 Ba4 30. Rcd2 Bb4 31. Rc2 Rc8 32. Bd3 Rd8 33. Rc4 a5 34. Rc7+
Kf8 35. Be2 Rxd1 36. Bxd1 Bb5 37. Nc1 g4 38. Be2 Ba4 39. Bc4 gxf3+ 40. Kxf3 Bd1+
41. Ke3 Ng4+ 42. Kd3 Nf2+ 43. Ke3 Ng4+ 44. Kd3 Nf2+ 45. Ke3 Ng4+ 1/2-1/2

[Event "FIDE Steinitz Mem Women"]
[Site "chess24.com INT"]
[Date "2020.05.16"]
[Round "10.5"]
[White "Lei, Tingjie"]
[Black "Khademalsharieh, Sarasadat"]
[Result "0-1"]
[WhiteTitle "GM"]
[BlackTitle "IM"]
[WhiteElo "2505"]
[BlackElo "2494"]
[WhiteFideId "8605114"]
[BlackFideId "12512214"]
[EventDate "2020.05.15"]

1. e4 e5 2. Nf3 Nc6 3. Bb5 a6 4. Ba4 Nf6 5. O-O Bc5 6. c3 b5 7. Bc2 d5 8. d4
dxe4 9. Nxe5 Nxe5 10. dxc5 Qxd1 11. Rxd1 Bg4 12. Re1 O-O-O 13. a4 Kb7 14. axb5
axb5 15. Bg5 Nd3 16. Bxd3 exd3 17. f3 Be6 18. Nd2 Ra8 19. Bxf6 gxf6 20. Kf2 Kc6
21. b4 Rhe8 22. g4 f5 23. g5 f4 24. h4 Ra4 25. Rxa4 bxa4 26. c4 a3 27. Ra1 Bf5
28. Ne4 Bxe4 29. fxe4 Rxe4 30. Rxa3 Rd4 31. Ke1 f3 32. Ra2 Rxc4 33. Rf2 Rc1+ 34.
Kd2 Rc2+ 35. Ke3 Rxf2 0-1

[Event "FIDE Steinitz Mem Women"]
[Site "chess24.com INT"]
[Date "2020.05.16"]
[Round "11.1"]
[White "Lei, Tingjie"]
[Black "Sebag, Marie"]
[Result "1-0"]
[WhiteTitle "GM"]
[BlackTitle "GM"]
[WhiteElo "2505"]
[BlackElo "2438"]
[WhiteFideId "8605114"]
[BlackFideId "617822"]
[EventDate "2020.05.15"]

1. e4 c5 2. Nf3 d6 3. d4 cxd4 4. Nxd4 Nf6 5. Nc3 a6 6. h3 e5 7. Nde2 h5 8. Nd5
Nxd5 9. Qxd5 Nc6 10. Qd1 Be6 11. Nc3 Rc8 12. Be2 Nd4 13. Bd3 Be7 14. Nd5 Nc6 15.
c3 Bg5 16. Bxg5 Qxg5 17. Ne3 h4 18. Qf3 O-O 19. O-O Ne7 20. Rfd1 Ng6 21. Bc2 Nf4
22. Kh1 Rcd8 23. Bb3 g6 24. Rd2 Bxb3 25. axb3 d5 26. Rad1 dxe4 27. Qxe4 Rxd2 28.
Rxd2 b5 29. Rd6 Ne6 30. Ng4 Qf4 31. Qxe5 Qxe5 32. Nxe5 Re8 33. Nd3 Ng5 34. Rd5
Ne4 35. Kg1 Nd2 36. b4 Kg7 37. Rd4 Nc4 38. Rxh4 Re2 39. b3 Nd2 40. Rd4 Nxb3 41.
Rd7 Rd2 42. Ne5 Rxd7 43. Nxd7 f5 44. Nb8 Kf7 45. Nxa6 Ke6 46. Nc7+ Kd6 47. Nxb5+
Kd5 48. Nd4 Nd2 49. f3 Nb1 50. Ne2 Kc4 51. Kf2 Na3 52. h4 Nb5 53. g4 fxg4 54.
fxg4 Nd6 55. h5 gxh5 56. gxh5 Kd5 57. Ke3 Ke5 58. h6 Kf6 59. Kd4 Nf5+ 60. Kd5
Nxh6 61. b5 Ke7 62. Nd4 Kd7 63. c4 Kc7 64. c5 Ng8 65. Ne6+ Kb7 66. Kd6 Nf6 67.
c6+ Kb6 68. c7 Kb7 69. Nc5+ Kc8 70. b6 Ne8+ 71. Kc6 Nxc7 72. b7+ Kb8 73. Nd7+ 1-0

[Event "FIDE Steinitz Mem Women"]
[Site "chess24.com INT"]
[Date "2020.05.16"]
[Round "11.2"]
[White "Khademalsharieh, Sarasadat"]
[Black "Tan, Zhongyi"]
[Result "0-1"]
[WhiteTitle "IM"]
[BlackTitle "GM"]
[WhiteElo "2494"]
[BlackElo "2510"]
[WhiteFideId "12512214"]
[BlackFideId "8603642"]
[EventDate "2020.05.15"]

1. d4 Nf6 2. c4 e6 3. Nf3 d5 4. Nc3 dxc4 5. e4 Bb4 6. Bxc4 Nxe4 7. O-O Nxc3 8.
bxc3 Be7 9. Ne5 O-O 10. Qg4 Nc6 11. Bh6 Bf6 12. Rae1 Kh8 13. Bc1 Bxe5 14. dxe5
f5 15. exf6 Qxf6 16. Qg3 e5 17. Bd5 Bf5 18. Bxc6 Qxc6 19. Rxe5 Bg6 20. Re7 Rf7
21. Re5 Qd6 22. h4 Qd3 23. Be3 h6 24. h5 Bf5 25. Bd4 Raf8 26. Re3 Qc4 27. Rfe1
c5 28. Be5 Qg4 29. Qh2 b6 30. f3 Qg5 31. f4 Qd8 32. Qg3 Qd7 33. Qh4 Bh7 34. Rg3
Qf5 35. Kh2 Rg8 36. Rd1 Rd7 37. Rxd7 Qxd7 38. Rg6 Qf7 39. Rxh6 Re8 40. Qg5 Kg8
41. Rg6 Bxg6 42. hxg6 Qd5 43. Qh5 Rxe5 44. Qh7+ Kf8 45. Qh8+ Qg8 46. Qxg8+ Kxg8
47. fxe5 Kf8 48. Kg3 Ke7 49. Kf4 Ke6 50. Ke4 b5 51. g4 a5 52. g5 b4 53. cxb4
cxb4 54. Kd4 a4 55. Kc4 b3 56. axb3 axb3 57. Kxb3 Kxe5 58. Kc4 Kf5 59. Kd4 Kxg6
60. Ke3 Kxg5 61. Kf3 Kf5 62. Kg3 Kg5 63. Kf3 Kh4 64. Kg2 Kg4 65. Kh2 Kf3 66. Kh3
g5 67. Kh2 g4 68. Kg1 Kg3 69. Kh1 Kh3 70. Kg1 Kg3 71. Kh1 Kf2 0-1

[Event "FIDE Steinitz Mem Women"]
[Site "chess24.com INT"]
[Date "2020.05.16"]
[Round "11.3"]
[White "Paehtz, Elisabeth"]
[Black "Lagno, Kateryna"]
[Result "0-1"]
[WhiteTitle "IM"]
[BlackTitle "GM"]
[WhiteElo "2473"]
[BlackElo "2546"]
[WhiteFideId "4641833"]
[BlackFideId "14109336"]
[EventDate "2020.05.15"]

1. d4 Nf6 2. Nf3 g6 3. Bg5 Bg7 4. Nbd2 h6 5. Bh4 O-O 6. c3 d6 7. e4 c5 8. dxc5
dxc5 9. Bc4 Nc6 10. Qe2 Nh5 11. Qe3 Qc7 12. Bg3 Nxg3 13. hxg3 h5 14. Qg5 Qd6 15.
O-O-O Qf6 16. Qe3 Be6 17. Bd5 Rad8 18. Nc4 Bxd5 19. exd5 b5 20. dxc6 bxc4 21.
Qxc5 Rc8 22. Rhe1 Rxc6 23. Qxe7 Qf5 24. Qe4 Qb5 25. Nd4 Bxd4 26. Qxd4 Rb8 27.
Rd2 Ra6 28. Re5 Qa4 29. Rde2 Rab6 30. a3 Rxb2 31. Rxb2 Qxa3 32. Re2 Qa1+ 33. Kd2
Rxb2+ 34. Ke3 Rxe2+ 35. Kxe2 Qa2+ 36. Kf3 Qa6 37. Qd8+ Kg7 38. Qd7 Qf6+ 39. Ke4
Qxc3 40. Qxa7 Qd3+ 41. Kf4 c3 42. Qc5 c2 43. Qe5+ Kh7 0-1

[Event "FIDE Steinitz Mem Women"]
[Site "chess24.com INT"]
[Date "2020.05.16"]
[Round "12.3"]
[White "Stefanova, Antoaneta"]
[Black "Paehtz, Elisabeth"]
[Result "1/2-1/2"]
[WhiteTitle "GM"]
[BlackTitle "IM"]
[WhiteElo "2462"]
[BlackElo "2473"]
[WhiteFideId "2902257"]
[BlackFideId "4641833"]
[EventDate "2020.05.15"]

1. d4 d6 2. Nf3 g6 3. g3 Bg7 4. Bg2 Nd7 5. O-O e5 6. e4 Ngf6 7. Re1 O-O 8. h3 c6
9. dxe5 dxe5 10. Nbd2 Qc7 11. Nc4 Ne8 12. a4 Nc5 13. b3 Be6 14. Ba3 b6 15. Bxc5
bxc5 16. Qe2 f6 17. Red1 Bh6 18. Nh2 Qe7 19. Bf1 Nc7 20. Ng4 Bg7 21. Na5 Bd7 22.
Qd2 Rad8 23. Qd6 Qxd6 24. Rxd6 Bxg4 25. Rxd8 Rxd8 26. hxg4 Rd6 27. Nb7 Rd2 28.
Nxc5 Bf8 29. Bc4+ Kg7 30. Nb7 Bb4 31. a5 Bc3 32. Rf1 Rxc2 33. a6 Bd4 34. Nd8 Nb5
35. Nxc6 Nc3 36. Nxd4 exd4 37. Re1 Kf8 38. e5 Ke7 39. exf6+ Kxf6 40. Re6+ Kg5
41. Re7 Kxg4 42. Rxa7 Ne4 43. Rxh7 Nd2 44. Rh4+ Kg5 45. Kg2 Nxc4 46. bxc4 Rxc4
47. a7 Ra4 48. Rxd4 Rxa7 49. Rd5+ Kf6 50. f4 Ra6 51. Kh3 Ra3 52. Kg4 Rb3 53.
Rd6+ Kf7 54. Ra6 Rc3 55. Rb6 Rd3 56. Kh4 Rc3 57. g4 Rc5 58. Kg3 Rd5 59. Kf3 Ra5
60. Ke4 Ra4+ 61. Ke3 Ra3+ 62. Ke4 Ra4+ 63. Kf3 Ra3+ 64. Kg2 Kg7 65. Rd6 Kf7 66.
Kf2 Rb3 67. Rc6 Ra3 68. Ke2 Rb3 69. Rd6 Rg3 70. g5 Ra3 71. Rd3 Ra6 72. Kf3 Ke6
73. Kg4 Rb6 74. Rc3 Kf7 75. Rc7+ Kg8 76. Kf3 Ra6 77. Rd7 Rb6 78. Ke4 Ra6 79. Ke5
Rb6 80. Rd6 Rb5+ 81. Ke6 Rf5 82. Rd4 Kg7 83. Re4 Kg8 84. Kd6 Kg7 85. Ke6 Kg8 86.
Rb4 Kg7 87. Rb7+ Kg8 88. Rb8+ Kg7 89. Rb4 Kg8 90. Rb8+ Kg7 91. Rb7+ Kg8 92. Rb8+ 1/2-1/2